Guess the country by its internet domain code - Statistics

General Stats
  • This quiz has been taken 25 times
  • The average score is 14 of 20
Answer Stats
Internet domain code Country % Correct
.fr France
100%
.in India
100%
.jp Japan
100%
.ru Russia
100%
.uk United Kingdom
100%
.us United States of America
100%
.ca Canada
96%
.mx Mexico
96%
.de Germany
83%
.id Indonesia
83%
.br Brazil
79%
.th Thailand
75%
.kr South Korea
71%
.eg Egypt
58%
.is Iceland
58%
.pk Pakistan
58%
.sa Saudi Arabia
29%
.ae United Arab Emirates
29%
.ma Morocco
21%
.tr Turkiye
8%
No matching quizzes found
Score Distribution
Percent of People with Each Score
Percentile by Number Answered
Your Score History
You have not taken this quiz